[Event "ESP-ch U14"]
[Site "Salobrena"]
[Date "2023.07.21"]
[Round "7"]
[White "Oubina Pazos, Ricardo"]
[Black "Martin Cabeza, Nicolas"]
[Result "1/2-1/2"]
[WhiteElo "1656"]
[BlackElo "1898"]
[PlyCount "70"]
[EventDate "2023.07.17"]
[EventType "swiss"]
[EventRounds "9"]
[EventCountry "ESP"]
[SourceTitle "EXT 2024"]
[Source "ChessBase"]
[SourceDate "2023.10.10"]
[SourceVersion "1"]
[SourceVersionDate "2023.10.10"]
[SourceQuality "1"]

1. d4 Nf6 2. c4 g6 3. Nc3 Bg7 4. e4 d6 5. Nge2 Nbd7 6. g3 0-0 7. Bg2 e5 8. 0-0 exd4 9. Nxd4 a5 10. Re1 Nc5 11. h3 Nfd7 12. Be3 Nb6 13. b3 Re8 14. Qc2 a4 15. Rad1 Bd7 16. Ndb5 Qc8 17. b4 Bxb5 18. Nxb5 Ncd7 19. c5 dxc5 20. bxc5 Ra5 21. cxb6 Rxb5 22. Qxc7 Ne5 23. Rc1 Qa8 24. Red1 Qa6 25. f4 Rb2 26. Rc2 Nc6 27. Rxb2 Bxb2 28. Bf1 Qa5 29. Bc4 Re7 30. Qd6 Rxe4 31. Qd5 Qxd5 32. Bxd5 Rxe3 33. Bxc6 Re6 34. Bxa4 Rxb6 35. Bb3 Rf6 1/2-1/2

[Event "Galicia-ch U14"]
[Site "Padron"]
[Date "2023.02.21"]
[Round "7"]
[White "Oubina Pazos, Ricardo"]
[Black "Fernandez Ramos, Iago"]
[Result "1-0"]
[WhiteElo "1576"]
[BlackElo "1805"]
[PlyCount "91"]
[EventDate "2023.02.18"]
[EventType "swiss"]
[EventRounds "8"]
[EventCountry "ESP"]
[SourceTitle "EXT 2024"]
[Source "ChessBase"]
[SourceDate "2023.10.10"]
[SourceVersion "1"]
[SourceVersionDate "2023.10.10"]
[SourceQuality "1"]

1. d4 d6 2. c4 Nf6 3. Nf3 g6 4. g3 Bg7 5. Bg2 0-0 6. Nc3 Nbd7 7. 0-0 Re8 8. Re1 c6 9. e4 Qc7 10. h3 e5 11. d5 cxd5 12. cxd5 a6 13. Be3 b5 14. Rc1 Qa5 15. Nd2 Bb7 16. Nb3 Qd8 17. a4 b4 18. Nb1 a5 19. N1d2 Nb6 20. Bxb6 Qxb6 21. Nc4 Qd8 22. Qf3 h5 23. Qe3 Ra6 24. Bf1 Kh7 25. Ncd2 Ra8 26. Bb5 Re7 27. Bc6 h4 28. g4 Rc7 29. Bxb7 Rxb7 30. Rc6 Qd7 31. Nc4 Nxg4 32. Qg5 Nh6 33. Qxh4 Rh8 34. Nxd6 Rc7 35. Rec1 Rxc6 36. Rxc6 Bf8 37. Nc5 Qa7 38. Nb5 Qa8 39. Nd7 Bg7 40. Nd6 Qa7 41. Nf6+ Bxf6 42. Qxf6 Qd7 43. Qh4 Kg7 44. Qg3 f6 45. Qf3 Ng8 46. Rc7 1-0

[Event "ESP-ch U14 Rapid"]
[Site "Salobrena"]
[Date "2022.07.24"]
[Round "9"]
[White "Fernandez Climent, Albert"]
[Black "Oubina Pazos, Ricardo"]
[Result "1/2-1/2"]
[WhiteElo "1602"]
[BlackElo "1437"]
[PlyCount "70"]
[EventDate "2022.07.23"]
[EventType "swiss (rapid)"]
[EventRounds "9"]
[EventCountry "ESP"]
[SourceTitle "EXT 2023"]
[Source "ChessBase"]
[SourceDate "2022.10.05"]
[SourceVersion "1"]
[SourceVersionDate "2022.10.05"]
[SourceQuality "1"]

1. e4 c5 2. Nf3 d6 3. d4 cxd4 4. Nxd4 Nf6 5. Nc3 a6 6. h3 e6 7. Bg5 Be7 8. Qd2 0-0 9. 0-0-0 Nbd7 10. f4 b5 11. a3 Bb7 12. Bd3 Qc7 13. Rhe1 h6 14. Bh4 Rfe8 15. g4 Nc5 16. e5 dxe5 17. fxe5 Nd5 18. Nxd5 Bxd5 19. Bxe7 Rxe7 20. Kb1 Rd8 21. c3 Nb3 22. Nxb3 Bxb3 23. Bh7+ Kxh7 24. Qxd8 Bxd1 25. Rxd1 Qb7 26. Rd6 Qe4+ 27. Ka1 Ra7 28. Qb6 Qxe5 29. Qxa7 Qxd6 30. Qxf7 Qd1+ 31. Ka2 Qd5+ 32. Kb1 Qd1+ 33. Ka2 Qd5+ 34. Kb1 Qd1+ 35. Ka2 Qd5+ 1/2-1/2